| 000 | 01395nam a22003017a 4500 | ||
|---|---|---|---|
| 003 | PE SENCICO BE | ||
| 005 | 20251020182709.0 | ||
| 008 | 241204b |||||||| |||| 00| 0 eng d | ||
| 020 | _a978-84-252-1538-4 | ||
| 040 |
_aPE SENCICO BE _cPE SENCICO BE |
||
| 041 | _aspa | ||
| 082 |
_a745.4 _bR16 |
||
| 100 | 1 |
_92744 _aRafols, Rafael _eautor |
|
| 245 | 1 |
_aEl diseño audiovisual / _cRafael Rafols, Antoni Colomer |
|
| 250 | _a1a ed. | ||
| 260 |
_aBarcelona : _bGG Diseño ; _c2013 |
||
| 300 |
_a127 p. : _c24 cm. |
||
| 505 | 0 | _aEl diseño y el audiovisual -- El sistema comunicativo -- El espacio -- El tiempo -- La imagen -- El proceso creativo -- La infografía -- La publicidad -- La televisión -- Los créditos cinematográficos -- Multimedia e interactividad -- El videoclip | |
| 520 | 3 | _aLa presente obra pretende hacer llegar al lector una reflexión teórica y práctica sobre el diseño audiovisual. Por ello, su lectura resultará útil tanto al profesional que desee ahondar en su trabajo como el estudiante que se acerque por primera vez a tan apasionante disciplina. | |
| 650 | 1 | 0 |
_92617 _aDiseño de la imagen |
| 650 | 2 | 0 |
_9967 _aComunicación en diseño |
| 650 | 2 | 0 |
_91964 _aImagen corporativa |
| 650 | 2 | 0 |
_9460 _aComunicación visual |
| 650 | 2 | 0 |
_92745 _aAparatos audiovisuales |
| 700 | 1 |
_92746 _aColomer, Antoni _eautor |
|
| 910 |
_bhfp _chfp |
||
| 942 |
_2ddc _cLIB |
||
| 999 |
_c5017 _d5017 |
||